| 000 | 00368nam a2200133 a 4500 | ||
|---|---|---|---|
| 001 | 4568 | ||
| 003 | CDMR | ||
| 005 | 20130116135258.0 | ||
| 008 | 130130s2008||||||||||||||||||||||||||||d | ||
| 040 |
_aCDMR _bcat _cCPC GIRONA |
||
| 245 | 0 |
_aFora d'equilibri _bNoves fronteres de la ciència, l'art i el pensament _cVaris |
|
| 260 |
_c2008 _bGeneralitat de Catalunya |
||
| 942 | _cMON | ||
| 999 |
_c4568 _d4568 |
||